Regulation inside government: public interest justifications and regulatory failures (Record no. 45739)

000 -LEADER
fixed length control field 01410pab a2200157 454500
008 - FIXED-LENGTH DATA ELEMENTS--GENERAL INFORMATION
fixed length control field 180718b2000 xxu||||| |||| 00| 0 eng d
100 ## - MAIN ENTRY--PERSONAL NAME
Personal name James, Oliver
245 ## - TITLE STATEMENT
Title Regulation inside government: public interest justifications and regulatory failures
260 ## - PUBLICATION, DISTRIBUTION, ETC.
Date of publication, distribution, etc. 2000
300 ## - PHYSICAL DESCRIPTION
Extent p.327-43
520 ## - SUMMARY, ETC.
Summary, etc. Regulation is normally thought of as government regulation of the private sector, particularly business. However, there is a developing literature on regulation inside government, exploring the ways in which government regulates itself through a range of bodies which set standards for public sector organizations, monitor them and seek to bring about compliance with those standards. Reading across economic theories of business regulation to regulation inside government, this article suggests that the current wave of reform inside the UK public sector implicitly reflects a public interest view of regulation. However, the analogous public interest justification for the regulation of business has been heavily criticized and regulatory failures have been suggested including regulation in the interest of regulated bodies, regulation in the interest of regulators and the high costs of operating regulatory systems. - Reproduced
650 ## - SUBJECT ADDED ENTRY--TOPICAL TERM
Topical term or geographic name entry element Government regulation of commerce - Great Britain
650 ## - SUBJECT ADDED ENTRY--TOPICAL TERM
Topical term or geographic name entry element Government regulation of commerce
773 ## - HOST ITEM ENTRY
Main entry heading Public Administration
909 ## -
-- 45739
Holdings
Withdrawn status Lost status Damaged status Not for loan Permanent Location Current Location Date acquired Serial Enumeration / chronology Barcode Date last seen Price effective from Koha item type
        Indian Institute of Public Administration Indian Institute of Public Administration 2018-07-19 Volume no: 78, Issue no: 2 AR46163 2018-07-19 2018-07-19 Articles

Powered by Koha